000 00500nam a2200181Ia 4500
005 20250326124226.0
008 250326s9999 xx 000 0 und d
037 _aTextbook
040 _aFMSL
_beng
_cFMSL
041 _aeng
_2eng
084 _aX:51 L9;5
_qFMSL
100 _aIson T G
_9705165
245 0 _aCredit marketing and consumer protection
_cIson T G
260 _aLondon
_bLondon, Croom Helm
_c1979
300 _a522p
942 _cTB
_hX:51 L9;5
999 _c1272825
_d1272825